| 000 | 00665 a2200205 4500 | ||
|---|---|---|---|
| 999 |
_c1802 _d1802 |
||
| 020 | _a1779003374 | ||
| 050 | 0 | 0 | _aLA 1501 PER 1999 |
| 245 | 0 | 0 |
_aFoundations of education for Africa / _cedited by Munhuweyi Peresuh & Tichatonga J. Nhundu. |
| 264 |
_aHarare: _bCollege Press, _c1999 |
||
| 300 | _a184 p. : | ||
| 440 | 0 | _aNew directions in education | |
| 500 | _aIncludes bibliographical references. | ||
| 504 | _aIncludes bibliographical references. | ||
| 650 | 0 | _aEducation | |
| 650 | 0 | _aEducational change | |
| 700 | 1 | _aPeresuh, Munhuweyi. | |
| 700 | 1 | _aNhundu, Tichatonga J. | |
| 942 |
_2lcc _cBK _h1501 _iPER _kLA |
||